| 000 | 03170nam a2200397 i 4500 | ||
|---|---|---|---|
| 001 | xb27065030 | ||
| 006 | m d | ||
| 007 | cr n | ||
| 008 | 190801t20192019enka s 000 0 eng d | ||
| 020 |
_a9781783740246 _q(pdf) |
||
| 020 |
_a9781783740253 _q(epub) |
||
| 020 |
_a9781783740260 _q(mobi) |
||
| 020 |
_a9781783747788 _q(XML) |
||
| 020 | _z9781783740222 (pbk.) | ||
| 020 | _z9781783740239 (hbk.) | ||
| 040 |
_aStSaUL _beng _erda |
||
| 100 | 1 |
_aRingmar, Erik, _eauthor. |
|
| 245 | 1 | 0 |
_aHistory of international relations _h[electronic resource] : _ba non-European perspective / _cErik Ringmar. |
| 264 | 1 | _bOpen Book Publishers, | |
| 300 |
_a1 online resource (218 pages) : _b9 colour illustrations. |
||
| 500 | _aAdditional material and updates available from the publisher's website. | ||
| 500 | _aAvailable through Open Book Publishers. | ||
| 505 | 0 | _aThe Author -- Acknowledgments -- This book -- 1. Introduction -- 2. China and East Asia -- 3. India and Indianization -- 4. The Muslim Caliphates -- 5. The Mongol Khanates -- 6. Africa -- 7. The Americas -- 8. European Expansion -- Afterthoughts: Walls and Bridges. | |
| 506 | _aOpen access resource providing free access. | ||
| 520 | _a"Existing textbooks on international relations treat history in a cursory fashion and perpetuate a Euro-centric perspective. This textbook pioneers a new approach by historicizing the material traditionally taught in International Relations courses, and by explicitly focusing on non-European cases, debates and issues. The volume is divided into three parts. The first part focuses on the international systems that traditionally existed in Europe, East Asia, pre-Columbian Central and South America, Africa and Polynesia. The second part discusses the ways in which these international systems were brought into contact with each other through the agency of Mongols in Central Asia, Arabs in the Mediterranean and the Indian Ocean, Indic and Sinic societies in South East Asia, and the Europeans through their travels and colonial expansion. The concluding section concerns contemporary issues: the processes of decolonization, neo-colonialism and globalization - and their consequences on contemporary society. History of International Relations provides a unique textbook for undergraduate and graduate students of international relations, and anybody interested in international relations theory, history, and contemporary politics."--Publisher's website. | ||
| 538 | _aMode of access: World Wide Web. | ||
| 540 | _aThis work is licensed under a Creative Commons Attribution 4.0 International license (CC BY 4.0). For more detailed information consult the publisher's website. | ||
| 650 | 0 |
_aInternational relations _xHistory. |
|
| 710 | 2 |
_aOpen Book Publishers, _epublisher. |
|
| 856 | 4 | 0 |
_uhttp://doi.org/10.11647/OBP.0074 _zConnect to e-book |
| 856 | 4 | 2 |
_uhttps://www.openbookpublishers.com/shopimages/products/normal/Ringmar-front-cover.jpg _zConnect to cover image |
| 999 |
_c29137 _d29137 |
||